Elegia para morir /
שמור ב:
| מחבר ראשי: | |
|---|---|
| פורמט: | לא ידוע |
| שפה: | Spanish |
| יצא לאור: |
San José, Costa Rica :
Editorial Costa Rica,
c1991.
|
| נושאים: | |
| תגים: |
הוספת תג
אין תגיות, היה/י הראשונ/ה לתייג את הרשומה!
|
MARC
| LEADER | 000000000a22000000004500 | ||
|---|---|---|---|
| 001 | 002605 | ||
| 041 | 0 | |a spa | |
| 082 | 0 | 4 | |a CR861.4 |b Z36el |
| 100 | 1 | |a Zárate Arguedas, Milton | |
| 245 | 1 | 0 | |a Elegia para morir / |c Milton Zárate Arguedas. |
| 260 | 1 | |a San José, Costa Rica : |b Editorial Costa Rica, |c c1991. | |
| 300 | |a 60 páginas ; |c 19 cm. | ||
| 650 | 4 | |a LITERATURA COSTARRICENSE | |
| 650 | 4 | |a POESIA COSTARRICENSE | |
| 999 | |c 8984 |d 8984 | ||
| 942 | |c BK |h CR861.4 Z36el |2 z | ||
